00942nam a22001937a 4500003000200000005001700002008004100019050002600060100002900086245014500115260007100260300005100331500005100382504005600433650005400489650006500543650007200608650006800680020250212122836.0250212b xxu||||| |||| 00| 0 eng d aHV 7936.A8b.T67 2024 aTopacio, Annika Ciela B. aDetermining possible violated Philippine laws from a standardized incident report using natural language processingcAnnika Ciela B. Topacio aLas Pinas CitybSouthville International School and Collegesc2024 axii, 168 pages:bcolored illustrations;c28cm. aBachelor of Science in Information Technology. aIncludes bibliographical references and appendices. aNatural language processing—Legal applications. aCrime analysis—Artificial intelligence in law enforcement. aPhilippine law—Violation detection using artificial intelligence. aArtificial intelligence-Powered legal decision support systems.